Dialogue on the Government of Florence
Αποθηκεύτηκε σε:
| Κύριος συγγραφέας: | |
|---|---|
| Άλλοι συγγραφείς: | |
| Μορφή: | Βιβλίο |
| Γλώσσα: | English Italian |
| Δημοσίευση: |
Cambridge :
Cambridge University Press,
1994.
|
| Σειρά: | Cambridge texts in the history of political thought
|
| Θέματα: | |
| Ετικέτες: |
Προσθήκη ετικέτας
Δεν υπάρχουν, Καταχωρήστε ετικέτα πρώτοι!
|
MARC
| LEADER | 00000cam a2200000 i 4500 | ||
|---|---|---|---|
| 001 | 1/11538 | ||
| 008 | 980112s1994 enk| ||| |||| ||eng|| | ||
| 020 | |a 0521384508 | ||
| 035 | |1 ΠΑΡ |a 1997 |l 10018290 | ||
| 040 | |a GR-MyUA |b gre |e AACR2 | ||
| 041 | 1 | |a eng |h ita | |
| 082 | 0 | |a 945.4107 | |
| 100 | 1 | |a Guicciardini, Francesco. | |
| 245 | 1 | 0 | |a Dialogue on the Government of Florence / |c Guicciardini ; edited and translated by Alison Brown. |
| 260 | |a Cambridge : |b Cambridge University Press, |c 1994. | ||
| 300 | |a 218 σ. | ||
| 490 | 1 | |a (Cambridge texts in the history of political thought) | |
| 500 | |a Τίτλος πρωτοτύπου: Dialogo del reggimento di Firenze. | ||
| 504 | |a Περιέχει βιβλιογραφικές αναφορές και ευρετήρια. | ||
| 651 | 0 | |a Florence (Italy) |x Politics and government |y 1421-1737. | |
| 651 | 0 | |a Florence (Italy) |x Constitutional history. | |
| 700 | 1 | |a Brown, Alison, |d 1934- |e edt |e trl | |
| 830 | 0 | |a Cambridge texts in the history of political thought | |
| 852 | |a INST |b LESVOS |e 19980112 |h 945.4107 GUI |p 005100015250 |q 005100015250 |t BK |y 0 | ||
| 909 | |a Λ |b 052187 | ||
| 950 | |a 145/1996-02-06 | ||